Elementos da Tabela Periódica - Statistics

Estatísticas Gerais
  • Esse quiz foi jogado 136 vezes
  • A pontuação média é 57 de 118
Estatísticas das Respostas
Símbolo Elemento Químico % Correto
He (2) Hélio
99%
N (7) Nitrogênio
97%
O (8) Oxigênio
97%
Fe (26) Ferro
96%
H (1) Hidrogênio
96%
C (6) Carbono
95%
Li (3) Lítio
95%
Mg (12) Magnésio
95%
Cl (17) Cloro
93%
Cu (29) Cobre
93%
K (19) Potássio
93%
P (15) Fósforo
92%
Au (79) Ouro
92%
Ca (20) Cálcio
91%
Zn (30) Zinco
91%
Al (13) Alumínio
88%
Na (11) Sódio
87%
B (5) Boro
85%
S (16) Enxofre
85%
F (9) Flúor
85%
Ag (47) Prata
85%
Si (14) Silício
79%
Ra (88) Rádio
77%
Cr (24) Cromo
76%
Ga (31) Gálio
76%
U (92) Urânio
73%
Ar (18) Argônio
72%
Br (35) Bromo
72%
I (53) Iodo
72%
Be (4) Berílio
71%
Mn (25) Manganês
71%
Co (27) Cobalto
69%
Ne (10) Neônio
68%
Ni (28) Níquel
67%
Ti (22) Titânio
67%
Ba (56) Bário
65%
Xe (54) Xenônio
64%
Pb (82) Chumbo
63%
Hg (80) Mercúrio
60%
Fr (87) Frâncio
59%
Cs (55) Césio
57%
Se (34) Selênio
56%
Kr (36) Criptônio
55%
Pt (78) Platina
52%
Nb (41) Nióbio
51%
Po (84) Polônio
49%
W (74) Tungstênio
49%
Cd (48) Cádmio
48%
Sn (50) Estanho
48%
Ge (32) Germânio
48%
In (49) Índio
48%
Te (52) Telúrio
47%
As (33) Arsênio
45%
Ir (77) Irídio
45%
Rb (37) Rubídio
45%
Rf (104) Rutherfórdio
44%
Zr (40) Zircônio
44%
Pd (46) Paládio
43%
Rn (86) Radônio
43%
Sr (38) Estrôncio
41%
Pu (94) Plutônio
41%
V (23) Vanádio
41%
Os (76) Ósmio
40%
Bi (83) Bismuto
39%
Ce (58) Cério
39%
Eu (63) Európio
39%
Y (39) Ítrio
37%
Ru (44) Rutênio
37%
Sc (21) Escândio
36%
La (57) Lantânio
35%
Mo (42) Molibdênio
35%
Rh (45) Ródio
35%
Tc (43) Tecnécio
35%
At (85) Ástato
33%
Es (99) Einstênio
32%
Lr (103) Laurêncio
32%
Hf (72) Háfnio
31%
Lu (71) Lutécio
31%
Cf (98) Califórnio
29%
Og (118) Oganessônio
29%
Tl (81) Tálio
29%
Ac (89) Actínio
28%
Bh (107) Bóhrio
28%
Md (101) Mendelévio
28%
Th (90) Tório
28%
Am (95) Amerício
27%
Np (93) Neptúnio
27%
No (102) Nobélio
27%
Ta (73) Tântalo
27%
Re (75) Rênio
25%
Tb (65) Térbio
25%
Tm (69) Túlio
25%
Yb (70) Itérbio
24%
Sm (62) Samário
24%
Bk (97) Berquélio
23%
Cm (96) Cúrio
23%
Fm (100) Férmio
23%
Gd (64) Gadolínio
23%
Hs (108) Hássio
23%
Nd (60) Neodímio
21%
Pm (61) Promécio
21%
Sb (51) Antimônio
20%
Sg (106) Seabórgio
20%
Cn (112) Copernício
19%
Db (105) Dúbnio
19%
Ho (67) Hólmio
19%
Mc (115) Moscóvio
17%
Pr (59) Praseodímio
17%
Dy (66) Disprósio
16%
Er (68) Érbio
16%
Nh (113) Nihônio
16%
Ts (117) Tenesso
16%
Lv (116) Livermório
15%
Fl (114) Fleróvio
12%
Mt (109) Meitnério
12%
Pa (91) Protactínio
12%
Rg (111) Roentgênio
12%
Ds (110) Darmstádtio
5%
Nenhum quiz correspondente encontrado
Distribuição das Pontuações
Porcentagem de Pessoas com Cada Pontuação
Percentil de Números Respondidos
Sua Pontuação Histórica
Você não jogou esse quiz